|
|
|
|
| LEADER |
00000nam0a2200000 4500 |
| 001 |
248796 |
| 005 |
20231101232424.0 |
| 010 |
|
|
|a 5247001451
|
| 035 |
|
|
|a (RuTPU)RU\TPU\book\270680
|
| 090 |
|
|
|a 248796
|
| 100 |
|
|
|a 20140127d1988 k y0rusy50 ca
|
| 101 |
0 |
|
|a rus
|
| 102 |
|
|
|a RU
|
| 105 |
|
|
|a a z 001zy
|
| 200 |
1 |
|
|a Землесосные снаряды с погружными грунтовыми насосами
|f Е. П. Жарницкий
|
| 210 |
|
|
|a Москва
|c Недра
|d 1988
|
| 215 |
|
|
|a 144 с.
|c ил.
|
| 320 |
|
|
|a Библиогр.: с. 142-143.
|
| 606 |
1 |
|
|a Землесосные снаряды
|x Землесосы
|2 stltpush
|3 (RuTPU)RU\TPU\subj\11710
|9 38621
|
| 610 |
1 |
|
|a работа
|
| 610 |
1 |
|
|a погружные насосы
|
| 610 |
1 |
|
|a исследования
|
| 610 |
1 |
|
|a методы
|
| 610 |
1 |
|
|a результаты
|
| 610 |
1 |
|
|a конструкция
|
| 610 |
1 |
|
|a эксплуатация
|
| 610 |
1 |
|
|a апробация
|
| 610 |
1 |
|
|a приборное обеспечение
|
| 610 |
1 |
|
|a технологические схемы
|
| 610 |
1 |
|
|a экономические показатели
|
| 610 |
1 |
|
|a экологические аспекты
|
| 610 |
1 |
|
|a применение
|
| 675 |
|
|
|a 624.132.3:621.879
|v 3
|
| 700 |
|
1 |
|a Жарницкий
|b Е. П.
|g Евсей Петрович
|
| 801 |
|
1 |
|a RU
|b 63413507
|c 20140127
|
| 801 |
|
2 |
|a RU
|b 63413507
|c 20140204
|g RCR
|
| 942 |
|
|
|c BK
|